| 000 | 00616nmm a2200193Ia 4500 | ||
|---|---|---|---|
| 008 | 251105s9999||||xx |||||||||||||||||und|| | ||
| 041 | _aspa | ||
| 100 | _aFalconí Trávez, Diego | ||
| 245 | 0 |
_aResentir lo queer en América Latina : _b Diálogos desde/con el Sur |
|
| 264 |
_a[Madrid, España] : _bEditorial Egales, _c2018 |
||
| 300 | _a302 páginas | ||
| 490 | _aEnsayo | ||
| 650 | _aSocial Sciences (General) | ||
| 700 | _aFalconí Trávez, Diego | ||
| 700 | 1 | _a Castellanos, Santiago | |
| 700 | 1 | _a Viteri, María Amelia (eds.) | |
| 856 | _uhttps://public.digitaliapublishing.com/a/169930 | ||
| 942 | _cCF | ||
| 999 |
_c65241 _d65241 |
||